000 01031cam a2200217 4500
001 ##L133611
008 060523n2004 000 0 eng u
035 _a(Sirsi) u133611
041 0 _aeng
050 0 4 _a346.410435 $2 18
110 2 _aRoyal Institution of Chartered Surveyors
_94900
245 0 0 _aRight to light
_bwhat every property owner should know
260 _aLondon
_bRICS
_c2004
300 _a1
_ffolded leaflet
_c21cm.
505 2 _aWhat is a 'right to light'? -- What can you do? -- Consult the experts -- Existing buildings -- How RICS can help you
520 _aProvides advice aimed at the general public on protecting the right to daylight and disputing proposed or existing property development that threatens this right.
651 4 _aEngland and Wales
_y1543-
690 _aPROPERTY-PROPERTY MANAGEMENT-EASEMENTS-RIGHTS TO LIGHT DETERMINATION-RIGHTS TO LIGHT
856 4 1 _uhttps://www.rics.org/RICSWEB/getpage.aspx?p=W2nkGfiFpU2lVhH8ieObKw
_zView the item free of charge at www.rics.org...
942 _n0
999 _c105432
_d105432